ਪੰਜਾਬੀ ਭਾਸ਼ਾ ਵਿਗਿਆਨ (Record no. 1464625)
[ view plain ]
| 000 -LEADER | |
|---|---|
| fixed length control field | 00914 a2200229 4500 |
| 005 - DATE AND TIME OF LATEST TRANSACTION | |
| control field | 20251223105356.0 |
| 008 - FIXED-LENGTH DATA ELEMENTS--GENERAL INFORMATION | |
| fixed length control field | 251223b |||||||| |||| 00| 0 eng d |
| 037 ## - SOURCE OF ACQUISITION | |
| Terms of availability | TB |
| 040 ## - CATALOGING SOURCE | |
| Original cataloging agency | CRL |
| Transcribing agency | CRL |
| 041 ## - LANGUAGE CODE | |
| Source of code | pun |
| Language code of text/sound track or separate title | pun |
| 084 ## - COLON CLASSIFICATION NUMBER | |
| Classification number | P153 R1 |
| Assigning agency | CRL |
| 100 ## - MAIN ENTRY--PERSONAL NAME | |
| Personal name | ਸੰਘਾ, ਸੁਖਵਿੰਦਰ ਸ |
| 9 (RLIN) | 847648 |
| 245 ## - TITLE STATEMENT | |
| Title | ਪੰਜਾਬੀ ਭਾਸ਼ਾ ਵਿਗਿਆਨ |
| 246 ## - VARYING FORM OF TITLE | |
| Title proper/short title | Panjabi Bhasha Vigian / Sukhvinder S. Sangha, |
| 260 ## - PUBLICATION, DISTRIBUTION, ETC. | |
| Place of publication, distribution, etc. | Jalandhar, India: |
| Name of publisher, distributor, etc. | ਪੰਜਾਬੀ ਬਾਸ਼ਾ ਅਕੈਡਮੀ / Punjabi Bhasha Academy, |
| Date of publication, distribution, etc. | 2021. |
| 300 ## - PHYSICAL DESCRIPTION | |
| Extent | 263p. |
| 365 ## - TRADE PRICE | |
| Price amount | 595.00 |
| Currency code | INR |
| 650 ## - SUBJECT ADDED ENTRY--TOPICAL TERM | |
| Topical term or geographic name entry element | ਪੰਜਾਬੀ ਭਾਸ਼ਾ |
| 9 (RLIN) | 858879 |
| 650 ## - SUBJECT ADDED ENTRY--TOPICAL TERM | |
| Topical term or geographic name entry element | ਭਾਸ਼ਾ ਵਿਗਿਆਨ |
| 9 (RLIN) | 858880 |
| 942 ## - ADDED ENTRY ELEMENTS (KOHA) | |
| Koha item type | Textbook |
| Source of classification or shelving scheme | Colon Classification (CC) |
| Suppress in OPAC | No |
| Classification part | P153 R1 |
| Withdrawn status | Lost status | Source of classification or shelving scheme | Damaged status | Not for loan | Home library | Current library | Date acquired | Source of acquisition | Cost, normal purchase price | Inventory number | Total Checkouts | Full call number | Barcode | Date due | Date last seen | Date last checked out | Cost, replacement price | Price effective from | Koha item type |
|---|---|---|---|---|---|---|---|---|---|---|---|---|---|---|---|---|---|---|---|
| Colon Classification (CC) | Central Library | Arts Library | 2025-12-23 | H.K. Prakashan | 476.00 | 1860/ 2025-10-11 | 2 | P153 R1 | CL1924042 | 2026-05-09 | 2026-04-09 | 2026-04-09 | 595.00 | 2025-10-21 | Textbook |
